00158nam a2200061Ia 4500245001900000100003600019008004100055 0aHiroshima Joe  a BOOTH, Martin London, 1985 210818s9999 xx 000 0 und d